00955 2200325 4500001002100000005001500021035002500036008004100061020001800102040001700120082001500137090001800152100001900170245009800189250002000287260003400307300004400341500003100385650003600416700002600452700002000478850001200498084001700510041000800527504003000535990001700565990001500582990001500597990001700612YOGYA-0209000001314920180919091254 a0010-020900000013149090227s jkia g | ind d a979-526-278-5 aYOPDYOGbind04223a001.42 a001.42bUsm M1 aUsman, Husaini aMetodologi penelitian sosial /cHusaini Usman, Purnomo Setiady Akbar; editor, Restu Damayanti aCetakan Pertama aJakarta :bBumi Aksara,c1996 axiii, 110 halaman :bilustrasi ;c20 cm aBibliografi : hlm. 101-103 4aMetodologi penelitian--xSosial0 aPurnomo Setiady Akbar0 aRestu Damayanti aYOPDYOG a001.42 USM m0 aind aBibliografi: hlm. 101-103 a4030-PN/P.00 a93050-P/97 a93050-P/97 a4030-PN/P.00